La Minería en Costa Rica: 1821-1843 /

Đã lưu trong:
Chi tiết về thư mục
Tác giả chính: Araya Pochet, Carlos
Định dạng: Texto
Các nhãn: Thêm thẻ
Không có thẻ, Là người đầu tiên thẻ bản ghi này!

MARC

LEADER 00000 a a2200000 04500
001 15704
003
040
100 |a Araya Pochet, Carlos  
245 |a La Minería en Costa Rica: 1821-1843 /  |c Carlos Araya Pochet 
773 |g número 2; páginas 83-125  
999 |c 23574  |d 23574